Hodnotenie podnikateľského prostredia v cestovnom ruchu na Slovensku a v Českej republike diplomová práca

Enregistré dans:
Détails bibliographiques
Auteur principal: Ondriaš, Filip
Collectivité auteur: Obchodná fakulta EU. Katedra cestovného ruchu
Autres auteurs: Šebová, Ľubica, 1978-
Format: Livre
Langue:slovaque
Publié: Bratislava 2025
Tags: Ajouter un tag
Pas de tags, Soyez le premier à ajouter un tag!

MARC

LEADER 00000nbm a2200000 4500
001 0310284
005 20251118115050.4
041 0 |a slo 
044 |a SK 
245 1 0 |a Hodnotenie podnikateľského prostredia v cestovnom ruchu na Slovensku a v Českej republike  |b diplomová práca  |c Filip Ondriaš ; školiteľ: Ľubica Šebová 
264 1 |a Bratislava  |c 2025 
300 |a 92 s. 
100 1 |a Ondriaš, Filip 
700 1 |a Šebová, Ľubica, 1978- 
710 2 |a Obchodná fakulta EU. Katedra cestovného ruchu